| 000 | 01026nam a22002897a 4500 | ||
|---|---|---|---|
| 003 | OSt | ||
| 005 | 20160215133813.0 | ||
| 007 | Texto | ||
| 008 | 140311b xxu||||| |||| 00| 0 eng d | ||
| 040 |
_aBIESPA _bspa _cBIESPA |
||
| 041 |
_mspa _nspa |
||
| 082 |
_221 _a347.728701 _bP187r |
||
| 100 | _aRepública de Panamá: Fiscalia de Cuentas | ||
| 245 |
_aInforme de Gestión 2009/ _cRepública de Panamá: Fiscalia de Cuentas |
||
| 260 |
_aPanamá: _bF. C. P, _c2009 |
||
| 300 |
_a28 páginas, volumen 1, _c22 cm. |
||
| 440 | _aInforme | ||
| 500 | _aEscrito en el idioma español. Primera edición. | ||
| 650 |
_2Tesauros _aDerecho Bancario |
||
| 650 |
_2Tesauros _aFiscalia de Cuentas |
||
| 650 |
_2Tesauros _aGestión Administrativa |
||
| 650 |
_2Tesauros _aGestión Investigativa |
||
| 650 |
_2Tesauros _aMedidas Cautelares |
||
| 700 |
_aCarlos D. Quintanar R. _eFiscal de Cuentas |
||
| 856 |
_uhttp://biespaext.procuraduria-admon.gob.pa/files/original/2a1f3f9f69d83abf6848bbfd5d5b3fef.pdf _yIndice |
||
| 942 |
_2ddc _cBK |
||
| 999 |
_c2082 _d2082 |
||